Top 100 Baby Girl Names in 2019 - Puerto Rico - Statistics

General Stats
  • This quiz has been taken 340 times
  • The average score is 30 of 100
Answer Stats
Rank Hint Answer % Correct
49 M Maria
87%
46 A Ana
79%
78 A Anna
79%
70 I Isabel
79%
6 I Isabella
72%
2 V Victoria
72%
3 E Emma
70%
12 S Sofia
64%
25 S Sophia
64%
21 V Valeria
64%
4 M Mia
60%
17 A Amelia
55%
98 S Sara
54%
64 S Sarah
54%
1 V Valentina
53%
81 E Emily
51%
87 O Olivia
49%
47 A Ariana
47%
58 A Arianna
47%
13 C Camila
47%
16 K Kamila
47%
75 N Natalia
47%
61 A Alexa
45%
80 E Elizabeth
45%
44 G Gabriela
44%
90 Z Zoe
44%
39 E Elena
43%
82 E Eva
43%
11 L Leah
43%
23 L Lia
43%
29 L Liah
43%
66 M Maia
43%
37 A Adriana
42%
9 A Amanda
42%
20 A Andrea
42%
10 L Luna
42%
67 P Paola
39%
35 A Alana
37%
33 A Alanna
37%
31 D Daniela
37%
26 M Mila
37%
59 G Gia
36%
62 C Charlotte
35%
91 A Abigail
34%
42 M Mariana
34%
55 A Alejandra
33%
34 G Gianna
32%
88 S Samantha
30%
27 P Paula
29%
72 L Layla
28%
94 A Angelica
27%
74 A Allison
24%
30 A Amahia
24%
5 A Amaia
24%
19 A Amaya
24%
24 A Aurora
24%
60 L Lara
24%
28 S Stella
24%
51 B Brianna
21%
56 M Marina
21%
84 J Juliette
20%
76 A Alina
19%
14 C Catalina
18%
53 K Katalina
18%
40 A Amira
17%
77 A Amirah
17%
43 A Alondra
15%
71 K Kaylee
14%
52 G Genesis
13%
54 P Paulina
13%
48 M Miranda
12%
18 A Amalia
11%
69 D Danna
10%
50 A Alahia
9%
15 A Alaia
9%
100 A Aliah
9%
83 E Evangeline
9%
41 A Alanis
8%
99 A Alanys
8%
38 A Antonella
8%
68 C Cataleya
8%
96 M Micaela
8%
7 M Mikaela
8%
89 S Samara
8%
36 L Lorena
7%
95 I Ivanna
6%
22 M Milena
5%
8 A Ainhoa
4%
45 A Ainara
3%
92 A Anahia
3%
93 A Anaiah
3%
57 N Nahia
3%
73 P Paulette
3%
79 E Elianys
2%
85 K Keilianys
2%
65 L Lyanna
2%
97 N Nahara
2%
32 N Nahiara
2%
86 N Naiara
2%
63 N Nayla
2%
No matching quizzes found
Score Distribution
Percent of People with Each Score
Percentile by Number Answered
Your Score History
You have not taken this quiz